| 000 | 00530nam a2200181 i 4500 | ||
|---|---|---|---|
| 001 | 148671 | ||
| 003 | ES-MaACL | ||
| 005 | 20230906202745.0 | ||
| 007 | t| | ||
| 008 | 191211s1967 sp r ||||1| spa d | ||
| 100 | 1 |
_aPoch Viñals, Rosendo ( _d1913-1986) _992699 |
|
| 245 | 1 | 0 |
_aOtorrinolaringología / _cpor R. Poch Viñals. |
| 260 |
_aMadrid : _bMarban, _c1967. |
||
| 300 |
_a1 v. : _bil. ; _c26 cm. |
||
| 505 | 8 | _aContiene: 1. Otología (XV, 502 p.) | |
| 650 | 0 | 4 |
_aOtorrinolaringología. _915780 |
| 852 |
_aES-MaACL _jP-1153 |
||
| 999 |
_c148671 _d148671 |
||